[Event "Czech Open Rapid 2019"]
[Site "Pardubice"]
[Date "2019.07.18"]
[Round "5.33"]
[White "Ptacnikova, Lenka"]
[Black "Tesar, Jan"]
[Result "1-0"]
[WhiteElo "2074"]
[BlackElo "2034"]
[Annotator "NA"]
[PlyCount "87"]
[EventDate "2019.07.17"]
[EventType "swiss"]
[EventCountry "CZE"]
[SourceTitle "playchess.com"]
[Source "ChessBase"]
[SourceQuality "1"]

1. c4 Nc6 2. g3 e5 3. Bg2 Nf6 4. Nc3 Bc5 5. a3 a5 6. e3 O-O 7. Nge2 d6 8. O-O Bg4 9. h3 Bf5 10. d4 Bb6 11. d5 Ne7 12. e4 Bd7 13. Rb1 h6 14. b4 Ng6 15. Kh2 Nh7 16. Qd3 f5 17. exf5 Bxf5 18. Be4 Qd7 19. Bxf5 Qxf5 20. Qxf5 Rxf5 21. Ne4 axb4 22. axb4 Ra2 23. N2c3 Rc2 24. Rb2 Rxb2 25. Bxb2 Bd4 26. Kg2 Rf8 27. Ra1 Ng5 28. Ra2 Nf3 29. Nb5 Ne1+ 30. Kf1 Bxb2 31. Kxe1 Bd4 32. Nxc7 Rc8 33. Ra8 Rxa8 34. Nxa8 Kf8 35. Nxd6 Bc3+ 36. Ke2 Bxb4 37. Nxb7 Ke8 38. Nc7+ Kd7 39. Ne6 Ne7 40. Nbc5+ Ke8 41. Nxg7+ Kf7 42. Nge6 Nf5 43. Ne4 Ke7 44. Kd3 1-0

[Event "Czech Open Rapid 2019"]
[Site "Pardubice"]
[Date "2019.07.18"]
[Round "5.33"]
[White "Kopriva, Martin"]
[Black "Svizensky, Lubos"]
[Result "1/2-1/2"]
[WhiteElo "2031"]
[BlackElo "1945"]
[Annotator "NA"]
[PlyCount "75"]
[EventDate "2019.07.17"]
[EventType "swiss"]
[EventCountry "CZE"]
[SourceTitle "playchess.com"]
[Source "ChessBase"]
[SourceQuality "1"]

1. e4 c6 2. d4 d5 3. exd5 cxd5 4. Bd3 Nc6 5. Nf3 Nf6 6. c3 g6 7. O-O Bf5 8. Re1 Bg7 9. Bf4 Bxd3 10. Qxd3 O-O 11. h3 a6 12. Ne5 Rc8 13. Nd2 e6 14. Ndf3 Nxe5 15. Nxe5 Nd7 16. g3 Nxe5 17. Bxe5 Rc6 18. Bxg7 Kxg7 19. Kg2 Qf6 20. h4 h5 21. Re5 Rfc8 22. Rae1 b5 23. a3 Rc4 24. R5e3 a5 25. Rf3 Qe7 26. Qe3 b4 27. axb4 axb4 28. Qe5+ Kg8 29. Qxd5 bxc3 30. bxc3 Rxc3 31. Rxc3 Rxc3 32. Qa8+ Kg7 33. d5 Rc7 34. Qa6 Ra7 35. Qc6 Qb7 36. Qxb7 Rxb7 37. dxe6 Re7 38. Kf3 1/2-1/2

[Event "Czech Open Rapid 2019"]
[Site "Pardubice"]
[Date "2019.07.18"]
[Round "5.34"]
[White "Escobar Medina, Andres F"]
[Black "Kusa, Jakub"]
[Result "0-1"]
[WhiteElo "2296"]
[BlackElo "2199"]
[Annotator "NA"]
[PlyCount "102"]
[EventDate "2019.07.17"]
[EventType "swiss"]
[EventCountry "CZE"]
[SourceTitle "playchess.com"]
[Source "ChessBase"]
[SourceQuality "1"]

1. e4 c5 2. Nf3 e6 3. c4 Nc6 4. d4 cxd4 5. Nxd4 Nf6 6. Nc3 d6 7. Be2 Be7 8. O-O O-O 9. Be3 a6 10. f4 Qc7 11. Rc1 Bd7 12. Bf3 Rac8 13. Nde2 Rfd8 14. g4 Be8 15. g5 Nd7 16. Ng3 f6 17. Bg4 Bf7 18. Nd5 exd5 19. cxd5 fxg5 20. dxc6 bxc6 21. fxg5 Rb8 22. Nf5 Ne5 23. Bh5 Bg6 24. Bxg6 hxg6 25. Nd4 Qd7 26. Qe2 c5 27. Nf3 Qg4+ 28. Kh1 Nxf3 29. Rxf3 Qxe4 30. Qg2 d5 31. Rcf1 Rf8 32. b3 Rxf3 33. Rxf3 c4 34. Bg1 cxb3 35. axb3 Bxg5 36. Rg3 Qxg2+ 37. Kxg2 Bf6 38. Bc5 Rb5 39. Ba3 d4 40. Rd3 Kf7 41. Bb2 Rg5+ 42. Kf3 Rh5 43. Bxd4 Rxh2 44. Kg3 Re2 45. Bc5 Re6 46. b4 g5 47. Rb3 Rc6 48. Kg4 a5 49. Kg3 axb4 50. Bxb4 Rb6 51. Kg2 Kg6 0-1

[Event "Czech Open Rapid 2019"]
[Site "Pardubice"]
[Date "2019.07.18"]
[Round "5.34"]
[White "Gorbatenko, Alexander"]
[Black "Pacl, Vaclav"]
[Result "0-1"]
[WhiteElo "2048"]
[BlackElo "2059"]
[Annotator "NA"]
[PlyCount "62"]
[EventDate "2019.07.17"]
[EventType "swiss"]
[EventCountry "CZE"]
[SourceTitle "playchess.com"]
[Source "ChessBase"]
[SourceQuality "1"]

1. d4 f5 2. Nc3 d5 3. Bf4 e6 4. Qd2 Nf6 5. a3 c6 6. Nf3 Bd6 7. O-O-O Qe7 8. Bxd6 Qxd6 9. Ne5 Nbd7 10. Nxd7 Bxd7 11. f3 e5 12. e4 dxe4 13. fxe4 Nxe4 14. Nxe4 fxe4 15. Qg5 Qh6 16. Qxh6 gxh6 17. dxe5 O-O-O 18. Bc4 Rde8 19. Rd6 Rxe5 20. Rxh6 Bf5 21. Rf6 Rhe8 22. Rf1 Bg6 23. g4 e3 24. Be2 Rc5 25. c3 Rd5 26. h4 Rd2 27. h5 Be4 28. Bd1 Red8 29. Re1 e2 30. Bxe2 Rc2+ 31. Kb1 Rxe2+ 0-1

[Event "Czech Open Rapid 2019"]
[Site "Pardubice"]
[Date "2019.07.18"]
[Round "5.35"]
[White "Berdnyk, Mariia"]
[Black "Rohan Bharat Joshi"]
[Result "1-0"]
[WhiteElo "2247"]
[BlackElo "1901"]
[Annotator "NA"]
[PlyCount "77"]
[EventDate "2019.07.17"]
[EventType "swiss"]
[EventCountry "CZE"]
[SourceTitle "playchess.com"]
[Source "ChessBase"]
[SourceQuality "1"]

1. c4 c5 2. Nc3 Nc6 3. g3 g6 4. Bg2 Bg7 5. Nf3 e6 6. O-O Nge7 7. Rb1 O-O 8. a3 d5 9. cxd5 Nxd5 10. Ne4 b6 11. d3 Bb7 12. Bg5 Qd7 13. Qd2 Rac8 14. h4 Na5 15. b4 cxb4 16. axb4 Nc6 17. b5 Na5 18. Bh6 f6 19. Bxg7 Kxg7 20. Qb2 Rc7 21. Bh3 Kg8 22. Nd4 f5 23. Ng5 Re8 24. Rfc1 e5 25. Rxc7 Nxc7 26. Ndf3 Qd6 27. Bg2 h6 28. Nh3 Kh7 29. Rc1 Nd5 30. d4 e4 31. Ne5 e3 32. fxe3 Nxe3 33. Bxb7 Nxb7 34. Nf4 g5 35. Rc6 Qd8 36. Qb3 Nc4 37. Qxc4 Nd6 38. Rxd6 Qxd6 39. Qf7+ 1-0

[Event "Czech Open Rapid 2019"]
[Site "Pardubice"]
[Date "2019.07.18"]
[Round "5.35"]
[White "Korchagin, Oleg"]
[Black "Juchelka, Petr"]
[Result "1/2-1/2"]
[WhiteElo "2056"]
[BlackElo "1691"]
[Annotator "NA"]
[PlyCount "108"]
[EventDate "2019.07.17"]
[EventType "swiss"]
[EventCountry "CZE"]
[SourceTitle "playchess.com"]
[Source "ChessBase"]
[SourceQuality "1"]

1. d4 d5 2. c4 e6 3. Nc3 Nf6 4. cxd5 exd5 5. Bg5 c6 6. Qc2 Be7 7. e3 h6 8. Bh4 Nbd7 9. Bd3 c5 10. Nf3 c4 11. Be2 a6 12. a4 O-O 13. O-O b6 14. Ne5 Bb7 15. f4 Rc8 16. Bf3 Re8 17. Bf2 Bb4 18. g4 Bxc3 19. bxc3 Nxe5 20. dxe5 Nd7 21. Rfd1 Nc5 22. Rd4 f6 23. exf6 Qxf6 24. Bxd5+ Bxd5 25. Rxd5 Nd3 26. Rd4 Red8 27. Bg3 Rxd4 28. cxd4 Qc6 29. Rf1 b5 30. axb5 axb5 31. Be1 b4 32. Qe2 b3 33. Bc3 Rb8 34. e4 b2 35. Rb1 Rb3 36. Bxb2 Qb5 37. e5 Rxb2 38. Rxb2 Qxb2 39. Qxb2 Nxb2 40. Kf2 Nd3+ 41. Ke3 Kf7 42. f5 Ke7 43. h4 Nb4 44. Kd2 Nd5 45. g5 hxg5 46. hxg5 Kf7 47. f6 g6 48. Ke2 Ke6 49. Kf3 Nb6 50. Ke4 c3 51. Kd3 Nd5 52. Kc2 Kf7 53. Kd3 Ke6 54. Kc2 Kf7 1/2-1/2

[Event "Czech Open Rapid 2019"]
[Site "Pardubice"]
[Date "2019.07.18"]
[Round "5.36"]
[White "Gorbatenko, Alexander"]
[Black "Pacl, Vaclav"]
[Result "1-0"]
[WhiteElo "2048"]
[BlackElo "2059"]
[Annotator "NA"]
[PlyCount "79"]
[EventDate "2019.07.17"]
[EventType "swiss"]
[EventCountry "CZE"]
[SourceTitle "playchess.com"]
[Source "ChessBase"]
[SourceQuality "1"]

1. c4 Nf6 2. Nc3 g6 3. g3 Bg7 4. Bg2 O-O 5. d4 d6 6. e3 Nbd7 7. Nge2 c6 8. O-O e5 9. b3 Qc7 10. Bb2 Re8 11. Rc1 Qd8 12. Ba3 Nf8 13. dxe5 dxe5 14. Qc2 Qc7 15. Rfd1 Bd7 16. Bd6 Qc8 17. b4 h5 18. b5 Bh3 19. Bh1 Bf5 20. Qa4 Bd7 21. Qb4 a5 22. bxa6 Rxa6 23. Rb1 b6 24. c5 b5 25. a4 bxa4 26. Nxa4 Nd5 27. Rxd5 cxd5 28. Nb6 Rxb6 29. cxb6 Qb7 30. Qc5 Bc6 31. Rc1 Bd7 32. Bxd5 Qa6 33. Qc4 Bb5 34. Bxf7+ Kh7 35. Qc7 Bxe2 36. Bxe8 Ne6 37. Qf7 Bg4 38. b7 Qxd6 39. Qxg6+ Kh8 40. Bf7 1-0

[Event "Czech Open Rapid 2019"]
[Site "Pardubice"]
[Date "2019.07.18"]
[Round "5.36"]
[White "Gagare, Shalmali"]
[Black "Zhuravlev, Stepan"]
[Result "0-1"]
[WhiteElo "1940"]
[BlackElo "2169"]
[Annotator "NA"]
[PlyCount "90"]
[EventDate "2019.07.17"]
[EventType "swiss"]
[EventCountry "CZE"]
[SourceTitle "playchess.com"]
[Source "ChessBase"]
[SourceQuality "1"]

1. e4 e5 2. Bc4 Nf6 3. d3 Nc6 4. Nf3 Bc5 5. c3 a6 6. Nbd2 Ba7 7. Bb3 O-O 8. O-O d6 9. h3 Ne7 10. Re1 Ng6 11. Nf1 h6 12. Bc2 c6 13. d4 Qc7 14. Ng3 Be6 15. Nf5 Rad8 16. Qe2 Rfe8 17. dxe5 dxe5 18. Be3 Bb6 19. a3 Bxf5 20. exf5 Nf4 21. Bxf4 exf4 22. Qc4 Ba7 23. Qb3 Rxe1+ 24. Rxe1 Rd5 25. c4 Rd8 26. Rd1 Re8 27. Rd2 a5 28. Qc3 Rd8 29. b4 Rxd2 30. Qxd2 axb4 31. axb4 Qe7 32. c5 b6 33. Nd4 Qc7 34. Nb3 bxc5 35. Nxc5 Bxc5 36. bxc5 Qe5 37. Qa5 Kh7 38. Kf1 Qd4 39. Ke2 Qe5+ 40. Kf1 Qd4 41. Ke2 Qd5 42. Kf1 Qc4+ 43. Kg1 Qxc2 44. Qb6 Qd1+ 45. Kh2 Qd5 0-1

[Event "Czech Open Rapid 2019"]
[Site "Pardubice"]
[Date "2019.07.18"]
[Round "5.37"]
[White "Freisler, Pavel"]
[Black "Dev, Shah"]
[Result "0-1"]
[WhiteElo "2168"]
[BlackElo "2147"]
[Annotator "TA"]
[PlyCount "127"]
[EventDate "2019.07.17"]
[EventType "swiss"]
[EventCountry "CZE"]
[SourceTitle "playchess.com"]
[Source "ChessBase"]
[SourceQuality "1"]

1. Nf3 d5 2. d4 Nf6 3. c4 c6 4. Qc2 dxc4 5. Qxc4 Bg4 6. Nbd2 Nbd7 7. g3 e6 8. Bg2 Bd6 9. O-O O-O 10. e4 Bxf3 11. Bxf3 e5 12. Bg2 Nb6 13. Qc3 Re8 14. Nb3 Qe7 15. dxe5 Bxe5 16. Qc2 Rad8 17. Re1 Qe6 18. Be3 Nc4 19. Nc5 Nxe3 20. Rxe3 Qe7 21. Rb3 b6 22. Nd3 c5 23. Nxe5 Qxe5 24. Rd1 Rxd1+ 25. Qxd1 c4 26. Rc3 b5 27. h3 Nxe4 28. Re3 f5 29. Qd7 Re7 30. Qd8+ Re8 31. Qd7 Re7 32. Qd8+ Kf7 33. Re2 Qd6 34. Qxd6 Nxd6 35. Rd2 Ke6 36. Bc6 Rc7 37. Re2+ Kf6 38. Bd5 Re7 39. Rc2 Re5 40. Bg8 h6 41. b3 Rc5 42. a4 bxa4 43. bxc4 a3 44. Ra2 Ra5 45. c5 Rxc5 46. Rxa3 a5 47. Kf1 Ne4 48. Ke2 Rc2+ 49. Ke3 Rc3+ 50. Rxc3 Nxc3 51. Kd4 Ne4 52. Ke3 Ke5 53. f4+ Kd6 54. g4 Nf6 55. Bb3 fxg4 56. hxg4 Nxg4+ 57. Ke4 Nf6+ 58. Kf5 h5 59. Kg5 Kc5 60. Kg6 h4 61. Be6 Kd6 62. Bf5 a4 63. Kxg7 a3 64. Bb1 0-1

[Event "Czech Open Rapid 2019"]
[Site "Pardubice"]
[Date "2019.07.18"]
[Round "5.38"]
[White "Voriskova, Anna"]
[Black "Slovak, Kilian"]
[Result "0-1"]
[WhiteElo "1675"]
[BlackElo "2163"]
[Annotator "TA"]
[PlyCount "44"]
[EventDate "2019.07.17"]
[EventType "swiss"]
[EventCountry "CZE"]
[SourceTitle "playchess.com"]
[Source "ChessBase"]
[SourceQuality "1"]

1. e4 c5 2. Nf3 a6 3. c3 d5 4. exd5 Qxd5 5. d4 Nf6 6. Be2 e6 7. O-O Be7 8. dxc5 Bxc5 9. Bg5 Nbd7 10. Qc2 O-O 11. Rd1 Qc6 12. Nbd2 b5 13. Nb3 Bb6 14. Nbd4 Qc7 15. Bh4 Bb7 16. Rd2 h6 17. c4 Ne4 18. Rdd1 Rac8 19. Rac1 b4 20. Qb1 Ndc5 21. Nb3 Nxb3 22. axb3 g5 0-1

[Event "Czech Open Rapid 2019"]
[Site "Pardubice"]
[Date "2019.07.18"]
[Round "5.39"]
[White "Sreyas Payyappat"]
[Black "Blandon, Luis Guillermo"]
[Result "0-1"]
[WhiteElo "2072"]
[BlackElo "2239"]
[Annotator "NA"]
[PlyCount "146"]
[EventDate "2019.07.17"]
[EventType "swiss"]
[EventCountry "CZE"]
[SourceTitle "playchess.com"]
[Source "ChessBase"]
[SourceQuality "1"]

1. a3 Nf6 2. Nf3 e6 3. e3 c5 4. d4 b6 5. dxc5 Bxc5 6. b4 Be7 7. Bb2 Bb7 8. g3 d5 9. Bg2 Ba6 10. Nc3 O-O 11. b5 Bb7 12. O-O Nbd7 13. Ne2 Rc8 14. Ned4 Ne4 15. Rc1 Bf6 16. Ba1 Ndc5 17. Nd2 Nxd2 18. Qxd2 Qd7 19. Rfd1 Rfd8 20. Qe2 Qe7 21. Qg4 Nd7 22. a4 Ne5 23. Qf4 g5 24. Nf5 exf5 25. Qxf5 Qe6 26. Qxe6 fxe6 27. f4 gxf4 28. gxf4 Nd7 29. Bxf6 Nxf6 30. c4 Kf7 31. cxd5 Bxd5 32. Rxc8 Rxc8 33. e4 Nxe4 34. Bxe4 Bxe4 35. Rd7+ Kf6 36. Rxa7 Ra8 37. Rd7 Rxa4 38. Rd6 Bd5 39. Rxb6 Rxf4 40. Rb8 Rb4 41. Kf2 e5 42. b6 Rb2+ 43. Ke3 Rb3+ 44. Kd2 e4 45. Kc2 Ke5 46. Rh8 Rxb6 47. Rxh7 Kd4 48. h4 e3 49. Ra7 Be4+ 50. Kd1 Rb1+ 51. Ke2 Bd3+ 52. Kf3 Rf1+ 53. Kg2 e2 54. Rd7+ Kc3 55. Rc7+ Kd2 56. Re7 e1=Q 57. Rxe1 Kxe1 58. Kg3 Ke2 59. Kg4 Ke3 60. Kg5 Rg1+ 61. Kf6 Be2 62. Kf5 Bf3 63. Ke5 Rh1 64. Kf5 Rxh4 65. Kg5 Rh5+ 66. Kf6 Kf4 67. Kg6 Rh4 68. Kf6 Rh6+ 69. Kg7 Kg5 70. Kf7 Kf5 71. Kg7 Rh5 72. Kg8 Kf6 73. Kf8 Rh8# 0-1

[Event "Czech Open Rapid 2019"]
[Site "Pardubice"]
[Date "2019.07.18"]
[Round "5.40"]
[White "Ludvik, Tomas"]
[Black "Zwardon, Vojtech"]
[Result "1-0"]
[WhiteElo "2334"]
[BlackElo "2492"]
[Annotator "ChessBase"]
[PlyCount "87"]
[EventDate "2019.07.17"]
[EventType "swiss"]
[EventCountry "CZE"]
[SourceTitle "playchess.com"]
[Source "ChessBase"]
[SourceQuality "1"]

1. d4 Nf6 2. c4 e5 3. dxe5 Ng4 4. Bf4 g5 5. Bg3 Bg7 6. Nf3 Nc6 7. e3 Ngxe5 8. Nxe5 Nxe5 9. Nc3 h5 10. h4 g4 11. Be2 d6 12. Rc1 Be6 13. Qb3 Qd7 14. Nd5 O-O-O 15. Qa3 Kb8 16. b4 Ng6 17. b5 Be5 18. O-O Rhe8 19. Nb4 Bxg3 20. fxg3 Ne7 21. Rfd1 Nf5 22. e4 Ne7 23. c5 dxc5 24. Rxd7 Rxd7 25. Rxc5 Rd2 26. Bf1 Red8 27. Nc6+ Nxc6 28. bxc6 Rxa2 29. Qb4 b6 30. Rxh5 Rc2 31. Qa4 Rc1 32. Rd5 Bxd5 33. exd5 Rxd5 34. Qe4 Rd8 35. Kf2 a5 36. Be2 Rd6 37. Bxg4 Rdxc6 38. h5 Ka7 39. Be2 Re6 40. Qd3 Rd6 41. Qa6+ Kb8 42. Bf3 Rcc6 43. Bxc6 Rxc6 44. g4 1-0

[Event "Czech Open Rapid 2019"]
[Site "Pardubice"]
[Date "2019.07.18"]
[Round "5.41"]
[White "Shcherbin, Matvei"]
[Black "Mojzis, Jaroslav"]
[Result "1-0"]
[WhiteElo "2321"]
[BlackElo "2095"]
[Annotator "TA"]
[PlyCount "103"]
[EventDate "2019.07.17"]
[EventType "swiss"]
[EventCountry "CZE"]
[SourceTitle "playchess.com"]
[Source "ChessBase"]
[SourceQuality "1"]

1. e4 e5 2. Nf3 Nc6 3. d4 exd4 4. Nxd4 Nf6 5. Nxc6 bxc6 6. e5 Qe7 7. Qe2 Nd5 8. h4 f6 9. c4 Nb6 10. exf6 Qxe2+ 11. Bxe2 gxf6 12. Bh5+ Kd8 13. b3 d5 14. Bb2 Be7 15. Nd2 Rg8 16. O-O-O Bg4 17. Bxg4 Rxg4 18. g3 Kd7 19. Nf1 Bc5 20. f3 Rgg8 21. g4 f5 22. gxf5 Raf8 23. f6 Kc8 24. cxd5 cxd5 25. Rh2 d4 26. Rc2 Nd7 27. Bxd4 Bxd4 28. Rxd4 Rg1 29. Rd1 Rxf6 30. Nd2 Rxd1+ 31. Kxd1 Ne5 32. Ke2 Ng6 33. Rc4 Rf4 34. Rxf4 Nxf4+ 35. Kf2 Kd7 36. Kg3 Nd3 37. Kg4 Ke6 38. Kg5 Ke5 39. Nc4+ Ke6 40. f4 h6+ 41. Kg4 Kf6 42. Ne3 c6 43. a3 a5 44. Nc4 a4 45. bxa4 Nc5 46. a5 Na6 47. a4 c5 48. f5 Nb4 49. Ne3 Nd3 50. a6 Ne5+ 51. Kh5 Nc6 52. Kxh6 1-0

[Event "Czech Open Rapid 2019"]
[Site "Pardubice"]
[Date "2019.07.18"]
[Round "6.1"]
[White "Geller, Jakov"]
[Black "Movsesian, Sergei"]
[Result "0-1"]
[WhiteElo "2525"]
[BlackElo "2649"]
[Annotator "TA"]
[PlyCount "52"]
[EventDate "2019.07.17"]
[EventType "swiss"]
[EventCountry "CZE"]
[SourceTitle "playchess.com"]
[Source "ChessBase"]
[SourceQuality "1"]

1. e4 c5 2. Nf3 e6 3. d4 cxd4 4. Nxd4 Nc6 5. Nc3 a6 6. Be3 Nf6 7. a3 Be7 8. f4 d6 9. Qf3 Bd7 10. O-O-O Qc7 11. g4 Nxd4 12. Bxd4 e5 13. fxe5 dxe5 14. g5 exd4 15. gxf6 dxc3 16. fxe7 cxb2+ 17. Kxb2 Rc8 18. Bh3 Bxh3 19. Qxh3 Kxe7 20. Qh4+ f6 21. e5 Qxe5+ 22. Rd4 g5 23. Qf2 Kf7 24. Re1 Qc7 25. Qf5 Qc3+ 26. Ka2 Qxd4 0-1

[Event "Czech Open Rapid 2019"]
[Site "Pardubice"]
[Date "2019.07.18"]
[Round "6.1"]
[White "Pulpan, Jakub"]
[Black "Yandarbiev, Ruslan"]
[Result "1-0"]
[WhiteElo "2414"]
[BlackElo "2270"]
[Annotator "NA"]
[PlyCount "95"]
[EventDate "2019.07.17"]
[EventType "swiss"]
[EventCountry "CZE"]
[SourceTitle "playchess.com"]
[Source "ChessBase"]
[SourceQuality "1"]

1. e4 c5 2. Nf3 d6 3. d4 Nf6 4. Nc3 cxd4 5. Nxd4 a6 6. Be2 e5 7. Nf3 h6 8. a4 Be7 9. Nd2 Nc6 10. Nc4 Nd4 11. Be3 Nxe2 12. Qxe2 Be6 13. Nb6 Rb8 14. f3 O-O 15. a5 Nd7 16. O-O Nxb6 17. Bxb6 Qc8 18. Rfd1 Qc4 19. Qxc4 Bxc4 20. Bc7 Rbc8 21. Bxd6 Bxd6 22. Rxd6 Rfd8 23. Rad1 Rxd6 24. Rxd6 Be6 25. Rb6 Rc7 26. Kf2 Kf8 27. Ke3 Ke8 28. Kd2 Rd7+ 29. Kc1 Kd8 30. Na4 Rc7 31. b4 Bc4 32. Nc5 Kc8 33. Rd6 Rc6 34. Rd2 b6 35. Nd7 bxa5 36. Nxe5 Rc7 37. bxa5 Bf1 38. g3 f6 39. Ng4 Rc3 40. f4 Bh3 41. Nf2 Bd7 42. Kb2 Re3 43. Nd3 Bb5 44. e5 Kc7 45. Nb4 Bc4 46. Rd4 Bf7 47. Nxa6+ Kb7 48. Nb4 1-0

[Event "Czech Open Rapid 2019"]
[Site "Pardubice"]
[Date "2019.07.18"]
[Round "6.2"]
[White "Potapov, Pavel"]
[Black "Bryzgalin, Kirill"]
[Result "1/2-1/2"]
[WhiteElo "2485"]
[BlackElo "2437"]
[Annotator "ChessBase"]
[PlyCount "59"]
[EventDate "2019.07.17"]
[EventType "swiss"]
[EventCountry "CZE"]
[SourceTitle "playchess.com"]
[Source "ChessBase"]
[SourceQuality "1"]

1. e4 e5 2. Nf3 Nc6 3. Nc3 Be7 4. d4 exd4 5. Nxd4 Bf6 6. Be3 Nge7 7. Bc4 d6 8. O-O O-O 9. Qd2 Nxd4 10. Bxd4 Bxd4 11. Qxd4 Nc6 12. Qe3 Re8 13. Rad1 a6 14. a3 Be6 15. Bd5 Bxd5 16. Nxd5 Ne7 17. Nxe7+ Qxe7 18. f3 Qe6 19. Qc3 Re7 20. Rd5 h6 21. Rfd1 Rae8 22. Qb4 Qc8 23. c4 b6 24. Qc3 Re5 25. b4 f5 26. Rxe5 Rxe5 27. Rd5 fxe4 28. Rxe5 dxe5 29. Qxe5 exf3 30. Qd5+ 1/2-1/2

[Event "Czech Open Rapid 2019"]
[Site "Pardubice"]
[Date "2019.07.18"]
[Round "6.2"]
[White "Punin, Andrii"]
[Black "Gagare, Shardul"]
[Result "0-1"]
[WhiteElo "2305"]
[BlackElo "2476"]
[Annotator "ChessBase"]
[PlyCount "98"]
[EventDate "2019.07.17"]
[EventType "swiss"]
[EventCountry "CZE"]
[SourceTitle "playchess.com"]
[Source "ChessBase"]
[SourceQuality "1"]

1. e4 e5 2. Nf3 Nc6 3. Nc3 Nf6 4. d4 exd4 5. Nxd4 Bb4 6. Nxc6 bxc6 7. Bd3 d5 8. exd5 cxd5 9. O-O O-O 10. h3 c6 11. Qf3 Rb8 12. Bf4 Bd6 13. b3 Be6 14. Ne2 c5 15. c4 d4 16. Bxd6 Qxd6 17. Nf4 Bd7 18. Nd5 Nxd5 19. Qxd5 Qxd5 20. cxd5 Bb5 21. Bxb5 Rxb5 22. Rfe1 Rd8 23. Re7 Ra5 24. d6 g6 25. d7 Kg7 26. a4 Kf6 27. Rae1 d3 28. R7e3 Rxd7 29. Rd1 c4 30. bxc4 Rxa4 31. Rexd3 Rxd3 32. Rxd3 Rxc4 33. Ra3 Rc1+ 34. Kh2 Rc7 35. h4 Ke5 36. g3 Kd4 37. Ra1 Kc5 38. Kh3 Kb6 39. Rb1+ Kc6 40. Ra1 Kb7 41. Kg4 Rc5 42. Rb1+ Kc6 43. Rb8 a5 44. Rh8 h5+ 45. Kf4 a4 46. Ra8 Kb5 47. f3 Kb4 48. g4 a3 49. Rb8+ Rb5 0-1

[Event "Czech Open Rapid 2019"]
[Site "Pardubice"]
[Date "2019.07.18"]
[Round "6.3"]
[White "Sysolyatin, Evgeny"]
[Black "Novik, Maxim"]
[Result "0-1"]
[WhiteElo "2271"]
[BlackElo "2450"]
[Annotator "ChessBase"]
[PlyCount "64"]
[EventDate "2019.07.17"]
[EventType "swiss"]
[EventCountry "CZE"]
[SourceTitle "playchess.com"]
[Source "ChessBase"]
[SourceQuality "1"]

1. e4 c6 2. d4 d5 3. e5 Bf5 4. Nf3 e6 5. Be2 Nd7 6. O-O Ne7 7. b3 Ng6 8. c4 f6 9. Bb2 Be7 10. Nbd2 O-O 11. h3 Nf4 12. Re1 Qe8 13. Bf1 fxe5 14. Nxe5 Nxe5 15. Rxe5 Qg6 16. Kh1 Bd3 17. Re3 Bxf1 18. Qxf1 Bd6 19. Nf3 Rf6 20. Ne5 Bxe5 21. dxe5 Rf7 22. Bd4 b6 23. cxd5 Nxd5 24. Rd3 c5 25. Be3 Raf8 26. f3 Qh5 27. Bg1 Nf4 28. Re3 Rd7 29. Bh2 Nd5 30. Rd3 Rdf7 31. Re1 Qf5 32. Re4 Qxe4 0-1

[Event "Czech Open Rapid 2019"]
[Site "Pardubice"]
[Date "2019.07.18"]
[Round "6.4"]
[White "Plat, Vojtech"]
[Black "Belyakov, Bogdan"]
[Result "1/2-1/2"]
[WhiteElo "2548"]
[BlackElo "2500"]
[Annotator "ChessBase"]
[PlyCount "41"]
[EventDate "2019.07.17"]
[EventType "swiss"]
[EventCountry "CZE"]
[SourceTitle "playchess.com"]
[Source "ChessBase"]
[SourceQuality "1"]

1. d4 Nf6 2. c4 g6 3. g3 Bg7 4. Bg2 O-O 5. Nc3 d6 6. Nf3 Nc6 7. O-O a6 8. h3 Bd7 9. Be3 Rb8 10. Rc1 b5 11. cxb5 axb5 12. d5 Na5 13. b3 b4 14. Nb1 Rb5 15. Nd4 Rxd5 16. Bxd5 Nxd5 17. Kh2 Nxe3 18. fxe3 c5 19. Nf3 Qa8 20. Nbd2 Qd5 21. Nc4 1/2-1/2

[Event "Czech Open Rapid 2019"]
[Site "Pardubice"]
[Date "2019.07.18"]
[Round "6.4"]
[White "Zhuravlev, Stepan"]
[Black "Gutman, Gennadi"]
[Result "0-1"]
[WhiteElo "2182"]
[BlackElo "2466"]
[Annotator "ChessBase"]
[PlyCount "100"]
[EventDate "2019.07.17"]
[EventType "swiss"]
[EventCountry "CZE"]
[SourceTitle "playchess.com"]
[Source "ChessBase"]
[SourceQuality "1"]

1. d4 Nf6 2. c4 Nc6 3. Nc3 e5 4. d5 Ne7 5. e4 Ng6 6. g3 Bc5 7. Bg2 d6 8. Na4 Bb4+ 9. Bd2 a5 10. a3 Bxd2+ 11. Qxd2 Bd7 12. Nc3 a4 13. Nge2 O-O 14. O-O Re8 15. h3 Qb8 16. Kh2 h6 17. Rac1 c5 18. dxc6 Bxc6 19. Rfd1 Qa7 20. Kg1 Rad8 21. Nd5 Bxd5 22. cxd5 Nd7 23. Qb4 Nc5 24. Nc3 Rc8 25. Bf1 Rf8 26. Nb5 Qb6 27. Nc3 Qxb4 28. axb4 Nb3 29. Rc2 Ne7 30. Bd3 f5 31. Nb5 fxe4 32. Rxc8 Nxc8 33. Bxe4 Rd8 34. Bc2 Nb6 35. Rd3 Kf7 36. Rf3+ Ke7 37. Bg6 Rf8 38. Rxf8 Kxf8 39. Nxd6 Nxd5 40. Nxb7 Nxb4 41. Kg2 Ke7 42. h4 Kd7 43. Be4 Kc7 44. Kh3 Nd2 45. Bg2 Nd3 46. Na5 Nxf2+ 47. Kh2 Ng4+ 48. Kh3 Ne3 49. Bh1 e4 50. g4 Kb6 0-1

[Event "Czech Open Rapid 2019"]
[Site "Pardubice"]
[Date "2019.07.18"]
[Round "6.5"]
[White "Vykouk, Jan"]
[Black "Vorobiov, Evgeny E."]
[Result "1/2-1/2"]
[WhiteElo "2453"]
[BlackElo "2578"]
[Annotator "ChessBase"]
[PlyCount "73"]
[EventDate "2019.07.17"]
[EventType "swiss"]
[EventCountry "CZE"]
[SourceTitle "playchess.com"]
[Source "ChessBase"]
[SourceQuality "1"]

1. e4 c5 2. Nf3 Nc6 3. d4 cxd4 4. Nxd4 g6 5. Nc3 Bg7 6. Be3 Nf6 7. Bc4 O-O 8. Bb3 Re8 9. O-O d6 10. h3 Na5 11. Qe2 b6 12. Ba4 Bd7 13. Bxd7 Qxd7 14. Rad1 Qb7 15. Bg5 Rac8 16. Rfe1 Nc4 17. Bc1 a6 18. f4 e5 19. fxe5 dxe5 20. Nf3 b5 21. Nd5 Nxd5 22. Rxd5 Nb6 23. Rd3 b4 24. Red1 f5 25. R3d2 Nc4 26. Rd7 Qxe4 27. Qxe4 fxe4 28. Ng5 e3 29. b3 Nb6 30. Rb7 e2 31. Re1 Nd5 32. Rxe2 Nc3 33. Rd2 Rb8 34. Ra7 Ra8 35. Rb7 Rab8 36. Ra7 Ra8 37. Rb7 1/2-1/2

[Event "Czech Open Rapid 2019"]
[Site "Pardubice"]
[Date "2019.07.18"]
[Round "6.6"]
[White "Valderrama Quiceno, Esteban Alb"]
[Black "Meleshko, Volodymyr"]
[Result "1-0"]
[WhiteElo "2423"]
[BlackElo "2270"]
[Annotator "NA"]
[PlyCount "33"]
[EventDate "2019.07.17"]
[EventType "swiss"]
[EventCountry "CZE"]
[SourceTitle "playchess.com"]
[Source "ChessBase"]
[SourceQuality "1"]

1. Nf3 d5 2. g3 Bg4 3. Bg2 Nf6 4. O-O Nbd7 5. d3 e5 6. h3 Bxf3 7. Bxf3 Bc5 8. c4 c6 9. cxd5 cxd5 10. Nc3 Nb6 11. Bg5 Qd7 12. Kh2 h6 13. Bxf6 gxf6 14. Qb3 Rd8 15. Rac1 Be7 16. a4 d4 17. Nb5 1-0